Plus grandes villes du monde par lettre - T - Statistiques

Statistiques générales
  • Ce quiz a été pris 471 fois
  • Le résultat moyen est 9 sur 16
Statistiques - réponses
Pays Population Ville % Correct
Japon 42.798 Mio Tokyo
99%
Canada 6.686 Mio Toronto
93%
Tunisie 2.751 Mio Tunis
92%
Iran 15.980 Mio Téhéran
91%
Italie 2.282 Mio Turin
89%
Taïwan 9.195 Mio Taipei
83%
Israël 4.157 Mio Tel Aviv - Jaffa
82%
Libye 2.362 Mio Tripoli
78%
Honduras 2.941 Mio Tegucigalpa
61%
Ouzbékistan 3.423 Mio Tachkent
58%
Chine 13.866 Mio Tianjin
35%
États-Unis 3.195 Mio Tampa - St. Petersburg
23%
Mexique 2.408 Mio Toluca
10%
Chine 3.525 Mio Taiyuan
6%
Chine 3.356 Mio Tangshan
4%
Chine 4.054 Mio Taichung - Changhua
2%
Aucun quiz correspondant
Distribution des résultats
% des personnes avec chaque résultat
Percentile par nombre de réponses
Votre historique - résultats
Vous n’avez pas pris ce quiz